书目信息 |
| 题名: |
图解色彩心理学
|
|
| 作者: | 友凡 编 | |
| 分册: | ||
| 出版信息: | 北京 中国华侨出版社 2018 |
|
| 页数: | 12, 396页 | |
| 开本: | 25cm | |
| 丛书名: | ||
| 单 册: | ||
| 中图分类: | J063-05 | |
| 科图分类: | ||
| 主题词: | 色彩学--se cai xue--艺术心理学--图解 | |
| 电子资源: | ||
| ISBN: | 978-7-5113-7185-0 | |
| 000 | 01156nam0 2200289 450 | |
| 001 | 012001008021 | |
| 005 | 20131021174042.0 | |
| 010 | @a978-7-5113-7185-0@dCNY68.00 | |
| 099 | @aCAL 012018083925 | |
| 100 | @a20180416d2018 em y0chiy50 ea | |
| 101 | 0 | @achi |
| 102 | @aCN@b110000 | |
| 105 | @aa z 000yy | |
| 106 | @ar | |
| 200 | 1 | @a图解色彩心理学@Atu jie se cai xin li xue@e通过色彩心理学认识世界, 改变生活@f友凡编 |
| 205 | @a彩图典藏版 | |
| 210 | @a北京@c中国华侨出版社@d2018 | |
| 215 | @a12, 396页@c彩图@d25cm | |
| 300 | @a经典读本 理想藏书 精编精解 全彩读本 | |
| 330 | @a本书分心理学与色彩、社交中的色彩心理学、职场中的色彩心理学、生活中的色彩心理学、情绪管理中的色彩心理学。主要内容包括: 感受不可思议的色彩魔力 ; 解密色彩的真相 ; 掌握搭配法则, 揭秘配色印象 ; 色彩检测, 找到你的专属色彩等。 | |
| 517 | 1 | @a通过色彩心理学认识世界, 改变生活@Atong guo se cai xin li xue ren shi shi jie , gai bian sheng huo |
| 517 | 1 | @a色彩心理学@Ase cai xin li xue |
| 606 | 0 | @a色彩学@Ase cai xue@x艺术心理学@j图解 |
| 690 | @aJ063-05@v5 | |
| 701 | 0 | @a友凡@Ayou fan@4编 |
| 801 | 2 | @aCN@b上海新华@c20191020 |
| 905 | @b1177750-3@dJ063-05@e484@f4 | |
| 图解色彩心理学:通过色彩心理学认识世界, 改变生活/友凡编.-彩图典藏版.-北京:中国华侨出版社,2018 |
| 12, 396页:彩图;25cm |
| 经典读本 理想藏书 精编精解 全彩读本 |
| ISBN 978-7-5113-7185-0:CNY68.00 |
| 本书分心理学与色彩、社交中的色彩心理学、职场中的色彩心理学、生活中的色彩心理学、情绪管理中的色彩心理学。主要内容包括: 感受不可思议的色彩魔力 ; 解密色彩的真相 ; 掌握搭配法则, 揭秘配色印象 ; 色彩检测, 找到你的专属色彩等。 |
| ● |
| 相关链接 |
|
|
|
|
正题名:图解色彩心理学
索取号:J063-05/484
 
预约/预借
| 序号 | 登录号 | 条形码 | 馆藏地/架位号 | 状态 | 备注 |
| 1 | 1177750 | 211777503 | 第一样本阅览室/ [索取号:J063-05/484] | 在馆 | |
| 2 | 1177751 | 211777512 | 第一借阅区/ [索取号:J063-05/484] | 在馆 | |
| 3 | 1177752 | 211777521 | 第一借阅区/ [索取号:J063-05/484] | 在馆 | |
| 4 | 1177753 | 211777530 | 第一借阅区/ [索取号:J063-05/484] | 在馆 |